Ontario International Airport Destinations (Ontario, CA, USA) - Map - Statistics

General Stats
  • This quiz has been taken 34 times
  • The average score is 28 of 31
Answers on the Map
Answers color-coded by a green-red scale on the quiz's map according to % correct below.
 
Answer Stats
Destination % Correct
Atlanta
100%
Chicago (Midway)
100%
Chicago (O'Hare)
100%
Dallas/Fort Worth
100%
Dallas (Love)
100%
Denver
100%
Houston (Hobby)
100%
Houston (Intercontinental)
100%
Las Vegas
100%
Phoenix (Sky Harbor)
100%
Portland (OR)
100%
San Francisco
100%
Seattle/Tacoma
100%
Austin
96%
Charlotte
96%
Nashville
96%
New York (JFK)
96%
Salt Lake City
96%
Taipei (Taoyuan)
96%
Honolulu
93%
Sacramento
93%
San Jose (CA)
93%
San José del Cabo
93%
Baltimore
89%
Boise
89%
Oakland
86%
San Salvador
82%
Guadalajara
79%
León/Del Bajío
46%
Santa Rosa
43%
Morelia
25%
No matching quizzes found
Score Distribution
Percent of People with Each Score
Percentile by Number Answered
Your Score History
You have not taken this quiz